| 000 | 00488nam a2200181Ia 4500 | ||
|---|---|---|---|
| 008 | 141113t2013 xxu||||| |||| 00| 0 sin d | ||
| 041 | _asin | ||
| 080 |
_a8-31 _bDUM |
||
| 100 | _aDuma , Alexandre | ||
| 245 | _aසිව් මිතුරෝ | ||
| 246 | _aSiw Mithuro : The Three Musketeers | ||
| 260 |
_aAshirwada _aMeerigama _c2013 |
||
| 300 | _b160p, 21 cm | ||
| 700 |
_aLiyanage , Saman Pushpa _etr. |
||
| 942 | _cBK | ||
| 999 |
_c42776 _d42776 |
||
| 003 | LK-CoDNM | ||
| 040 |
_aLK-CoDNM _dLK-CoDNM _eLK-CoDNM |
||